000 00378nam a2200181Ia 4500
008 210210b1858 xxu||||| |||| 00| 0 eng d
041 _aeng
082 _a886/87
100 _a-
245 _aRig vEda samihta II
260 _aPUna
_b-
_c1858
650 _avEda
650 _asamihta
650 _aRig
650 _aII
690 _aSanskrit Criticism
906 _a024592
999 _c150140
_d150140